FIFA FIFPro World XI 2009 - Statistics

Statistiche generali
  • Questo quiz è stato fatto 15 volte
  • Il punteggio medio è 9 su 11
Statistiche sulle risposte
Ruolo Nazione Squadra Calciatore % Corretto
Centrocampista Spagna Barcellona Andrés Iniesta
100%
Attaccante Portogallo Manchester United / Real Madrid Cristiano Ronaldo
100%
Portiere Spagna Real Madrid Iker Casillas
100%
Attaccante Argentina Barcellona Lionel Messi
100%
Centrocampista Spagna Barcellona Xavi
92%
Attaccante Spagna Liverpool Fernando Torres
85%
Difensore Inghilterra Chelsea John Terry
85%
Difensore Serbia Manchester United Nemanja Vidić
85%
Centrocampista Inghilterra Liverpool Steven Gerrard
77%
Difensore Brasile Barcellona Daniel Alves
62%
Difensore Francia Manchester United Patrice Evra
62%
Nessun quiz corrispondente trovato
Distribuzione punteggi
Percentuale di utenti per punteggio
Percentile per numero di risposta
I tuoi punteggi nel tempo
Non hai fatto questo quiz